| 000 | 00445nam a2200157 a 4500 | ||
|---|---|---|---|
| 005 | 20141022142008.0 | ||
| 008 | 120228s19uu xx 00 eng d | ||
| 050 |
_aCD-ROm _bAr3 2008 |
||
| 100 | _aAkerkar, Rajendra | ||
| 245 |
_aBuilding an intelligent web : _btheory and practice / _cAkerkar Rajendra, Lingras Pawan. |
||
| 260 | _c2008. | ||
| 650 | _aComputer studies | ||
| 650 | _aWeb databases | ||
| 700 | _aPawan, Lingras | ||
| 942 | _cAVM | ||
| 999 |
_c276597 _d276597 |
||